The ideological origins of the British Empire /
| Autor principal: | |
|---|---|
| Formato: | Livro |
| Idioma: | English |
| Publicado em: |
Cambridge ; New York :
Cambridge University Press,
2000 [7th printing 2009]
|
| Colecção: | Ideas in context ;
59 |
| Assuntos: | |
| Acesso em linha: | Book review (H-Net) Sample text Publisher description Table of contents |
| Classic Catalogue: | View this record in Classic Catalogue |
| LEADER | 01737nam a22003854a 4500 | ||
|---|---|---|---|
| 001 | 29856 | ||
| 003 | BD-DhAAL | ||
| 005 | 20150908120932.0 | ||
| 008 | 150908r20092000enk b 001 0 eng | ||
| 010 | |a 99087438 | ||
| 020 | |a 0521590817 (hb) | ||
| 020 | |a 9780521590815 Hardback | ||
| 020 | |a 9780521789783 Paperback | ||
| 040 | |a DLC |c DLC |d DLC |d BD-DhAAL | ||
| 042 | |a pcc | ||
| 043 | |a e-uk--- | ||
| 050 | 0 | 0 | |a JV1011 |b .A75 2000 |
| 082 | 0 | 0 | |a 325.341 |2 21 |
| 100 | 1 | |a Armitage, David, |d 1965- |9 3209 | |
| 245 | 1 | 4 | |a The ideological origins of the British Empire / |c David Armitage. |
| 260 | |a Cambridge ; |a New York : |b Cambridge University Press, |c 2000 [7th printing 2009] | ||
| 300 | |a xi, 239 p. ; |c 24 cm. | ||
| 440 | 0 | |a Ideas in context ; |v 59 |9 14490 | |
| 504 | |a Includes bibliographical references (p. 199-229) and index. | ||
| 541 | |e 29856 | ||
| 650 | 0 | |a Political science |z Great Britain |x History. |9 14491 | |
| 651 | 0 | |a Great Britain |x Colonies |x History. |9 14492 | |
| 856 | 4 | 2 | |3 Book review (H-Net) |u http://www.h-net.org/review/hrev-a0c3a7-aa |
| 856 | 4 | 1 | |3 Sample text |u http://www.loc.gov/catdir/samples/cam032/99087438.html |
| 856 | 4 | 2 | |3 Publisher description |u http://www.loc.gov/catdir/description/cam0210/99087438.html |
| 856 | 4 | 1 | |3 Table of contents |u http://www.loc.gov/catdir/toc/cam022/99087438.html |
| 942 | |2 ddc |c BK | ||
| 999 | |c 35473 |d 35473 | ||
| 952 | |0 0 |1 0 |2 ddc |4 0 |6 325_341000000000000_ARM |7 0 |9 55790 |a BRACUL |b BRACUL |c GEN |d 2015-09-08 |e Riza Enterprise |g 3825.00 |l 1 |o 325.341 ARM |p 3010029856 |r 2024-03-19 |s 2024-03-15 |t 1 |w 2015-09-08 |y BK | ||
| 952 | |0 0 |1 0 |2 ddc |4 0 |6 325_341000000000000_ARM |7 0 |9 55909 |a BRACUL |b BRACUL |c GEN |d 2015-09-15 |e Riza Enterprise |g 3825.00 |l 0 |o 325.341 ARM |p 3010029857 |r 2015-09-15 |t 2 |w 2015-09-15 |y BK | ||